LIBRARY & INFORMATION CENTRE, KCAET, TAVANUR

ONLINE PUBLIC ACCESS CATALOGUE (OPAC)

Systems and control, Vol 1 / (Record no. 10827)

MARC details
000 -LEADER
fixed length control field 00388cam a2200157ua 4500
003 - CONTROL NUMBER IDENTIFIER
control field OSt
008 - FIXED-LENGTH DATA ELEMENTS--GENERAL INFORMATION
fixed length control field 250130b |||||||| |||| 00| 0 eng d
041 ## - LANGUAGE CODE
Language code of text/sound track or separate title eng
082 ## - DEWEY DECIMAL CLASSIFICATION NUMBER
Classification number 621.301
Item number VAR/SY
100 ## - MAIN ENTRY--AUTHOR NAME
Personal name Vashney, R K .
245 00 - TITLE STATEMENT
Title Systems and control, Vol 1 /
250 ## - EDITION STATEMENT
Edition statement 1 /
260 ## - PUBLICATION, DISTRIBUTION, ETC. (IMPRINT)
Place of publication :
Name of publisher Electrical engineering department ,
Year of publication 1973.
300 ## - PHYSICAL DESCRIPTION
Number of Pages 72 ; .
942 ## - ADDED ENTRY ELEMENTS (KOHA)
Koha item type Books
Holdings
Withdrawn status Lost status Damaged status Home library Current library Date acquired Full call number Accession Number Koha item type
      KAUAET KAUAET 07/04/2012 621.301 VAR/SY 20298 Books
free website counter